[Event "25th Troya Open 2017"]
[Site "Canakkale"]
[Date "2017.08.08"]
[Round "2.1"]
[White "Yarar, Muammer Atakan"]
[Black "Savchenko, Boris"]
[Result "0-1"]
[WhiteElo "1891"]
[BlackElo "2602"]
[Annotator "TA"]
[PlyCount "88"]
[EventCountry "TUR"]
[SourceTitle "playchess.com"]
[Source "ChessBase"]
[SourceQuality "1"]

{[%evp 13,88,70,50,59,57,62,92,100,90,111,149,135,143,155,208,193,194,197,200,114,124,122,142,101,133,130,145,16,31,6,30,-181,-192,-237,-235,-252,-252,-254,-247,-426,-420,-500,-481,-450,-405,-412,-395,-412,-381,-408,-419,-431,-443,-422,-394,-450,-464,-583,-587,-550,-538,-726,-706,-1018,-1015,-1010,-986,-951,-905,-1062,-1006,-1545,-1456,-1912,-2112,-29977,-29978]} 1. d4 Nf6 2. c4 c5 3. d5 e6 4. Nc3 exd5 5. cxd5 g6 6. e4 d6 7. Nf3 Bg7 8. h3 {A70: Modern Benoni: 6 e4 g6 7 Nf3} Nbd7 (8... O-O 9. Bd3 b5 10. Nxb5 Re8 11. Nc3 Nxe4 12. Bxe4 f5 13. O-O fxe4 14. Ng5 e3 15. Nce4 exf2+ 16. Nxf2 h6 17. Ne6 Bxe6 18. dxe6 Nc6 {½-½ (35) Mamedyarov,S (2768)-Matlakov,M (2694) Doha 2016}) 9. Bd3 Nh5 10. g4 $146 {White is better.} ({Predecessor:} 10. O-O a6 11. a4 Ne5 12. Be2 Nxf3+ 13. Bxf3 Qh4 14. Bg4 Bxg4 15. Qxg4 Qxg4 16. hxg4 {0-1 (37) Granero Roca,A (2397)-Fier,A (2636) Linares 2015}) 10... Nhf6 11. Bf4 Bf8 12. Qe2 {[#] e5 is the strong threat.} Be7 13. Bh6 Ng8 (13... Bf8 $16) 14. Bg7 $18 Bf6 15. Bxh8 Bxh8 16. Nb5 (16. e5 $18) 16... Ne5 $16 17. Nxe5 Bxe5 18. Na3 Nf6 19. Nc4 Bf4 20. e5 (20. Ne3 $16) 20... dxe5 $11 21. Nxe5 Kf8 22. Bc4 $2 (22. O-O $1 $11 {and White stays safe.}) 22... Qd6 $19 23. Nd3 {[#]} Bxg4 $1 24. hxg4 {Black must now prevent Qf3.} Re8 25. Qxe8+ Kxe8 26. O-O $2 (26. Kf1) 26... Nxg4 27. Rae1+ Kf8 {And now ...Bd2 would win.} 28. Re4 Bh2+ 29. Kg2 Nf6 30. Rh4 Be5 31. Re1 Bd4 32. b4 g5 33. bxc5 Bxc5 34. Rh6 Kg7 35. Reh1 b5 36. Bb3 Bd4 37. f3 a5 {[%cal Ba7a5,Ba5a4,Ba4a3][%mdl 32]} 38. Nf2 Bxf2 39. Kxf2 a4 40. Bd1 Qxd5 41. Be2 Qxa2 42. Kf1 Qc2 43. f4 g4 44. R6h4 a3 {Precision: White = 35%, Black = 91%.} 0-1

[Event "25th Troya Open 2017"]
[Site "Canakkale"]
[Date "2017.08.08"]
[Round "2.2"]
[White "Rasulov, Vugar"]
[Black "Tinarlioglu, Emre"]
[Result "1-0"]
[WhiteElo "2509"]
[BlackElo "1850"]
[Annotator "TA"]
[PlyCount "89"]
[EventCountry "TUR"]
[SourceTitle "playchess.com"]
[Source "ChessBase"]
[SourceQuality "1"]

{[%evp 16,89,41,22,70,75,83,62,72,81,73,54,42,31,34,32,29,13,30,17,195,183,186,186,369,396,390,374,498,408,400,288,330,273,281,262,259,269,249,179,175,158,164,160,331,331,324,328,327,314,305,99,106,94,83,93,143,120,29965,29967,29965,29966,29974,29976,29976,29977,29977,29978,29977,29979,29980,29981,29983,29984,29983,29984]} 1. e4 c5 2. Nf3 d6 3. d4 cxd4 4. Nxd4 Nf6 5. Nc3 a6 6. h3 e6 7. g4 h6 8. Be3 Nc6 9. Bg2 g5 {B81: Sicilian Scheveningen: Keres Attack} (9... Be7 10. f4 Nd7 11. O-O Nxd4 12. Qxd4 O-O 13. Qd2 Rb8 14. Ne2 b5 15. Rad1 Qc7 16. f5 Nf6 17. Ng3 {1-0 (29) Anand,V (2804)-Vachier Lagrave,M (2723) Stavanger 2015}) 10. Nxc6 bxc6 11. e5 Nd5 {White is slightly better.} 12. Nxd5 ({Of course not} 12. Bxd5 $6 cxd5 13. exd6 Bxd6 $11) 12... cxd5 13. c4 $146 ({Find the theoretical novelty and annotate with similar games:} 13. f4 gxf4 14. Bxf4 Qh4+ 15. Ke2 Rb8 16. Qd4 Bg7 17. Qa7 Rxb2 18. exd6 Rxc2+ 19. Kd3 Rxg2 20. d7+ Bxd7 21. Qb8+ Qd8 {0-1 (21) Davis,J (1648)-Cigan,J (1902) Vancouver 2012}) 13... dxe5 14. cxd5 Bb4+ $1 15. Kf1 Rb8 16. Qe2 O-O 17. Rd1 Qe7 $2 {[#]} (17... Qf6 $11 {and Black has nothing to worry.}) 18. h4 $1 $36 {[%mdl 2560] Black is under strong pressure.} Bd7 {Threatens to win with ...Bb5.} (18... gxh4 19. Bxh6) 19. Kg1 $1 {Black must now prevent hxg5.} Kg7 $2 (19... Bb5 {was called for.} 20. Qf3 gxh4) 20. hxg5 hxg5 21. d6 Qd8 22. a3 Ba5 23. b4 Bb6 24. Bxb6 (24. Qxa6 Bxe3 25. fxe3 Bb5 $16) 24... Qxb6 25. Qxe5+ f6 26. Qe4 {[%csl Gh1][%cal Re4h7]} Rh8 27. Rxh8 Rxh8 28. Qb7 $1 {[%cal Rb7d7]} Qxb7 29. Bxb7 $16 {[%mdl 4096] Endgame KRB-KRB} Bb5 $2 (29... f5 $16 30. gxf5 (30. Bxa6 Bc6 $14) 30... exf5) 30. d7 $18 Rd8 {[#]} 31. Rd6 $1 Kf7 32. Bxa6 Ke7 {[#]} 33. Rb6 $2 (33. Rxe6+ $1 $18 {and the rest is easy.} Kxe6 34. Bxb5) 33... Bxd7 $16 34. Bb5 Bxb5 35. Rxb5 {KR-KR} Ra8 36. Ra5 Rxa5 $4 {[%mdl 8192]} (36... Rc8 $16 37. Kg2 Rc4) 37. bxa5 {KP-KP. White mates.} Kd7 38. f3 Kc7 39. Kf2 Kb7 40. Ke3 Kc6 41. Kd4 Kb5 {[#]} 42. a6 $1 {[%mdl 512]} Kxa6 43. Kc5 Ka5 44. Kd6 e5 45. Ke6 {Precision: White = 69%, Black = 37%.} 1-0

[Event "25th Troya Open 2017"]
[Site "Canakkale"]
[Date "2017.08.08"]
[Round "2.3"]
[White "Rahmanov, Shahriyar"]
[Black "Ozdilek, Hasan"]
[Result "1-0"]
[WhiteElo "2327"]
[BlackElo "1842"]
[Annotator "NA RC"]
[PlyCount "173"]
[EventCountry "TUR"]
[SourceTitle "playchess.com"]
[Source "ChessBase"]
[SourceQuality "1"]
[TimeControl "5400+30"]

1. d4 {[%emt 0:00:30]} Nf6 {[%emt 0:01:00]} 2. Nf3 {[%emt 0:00:30]} e6 {[%emt 0:00:30]} 3. Bf4 {[%emt 0:00:30]} d5 {[%emt 0:00:30]} 4. Nbd2 {[%emt 0:00:30]} Bd6 {[%emt 0:01:30]} 5. Bg3 {[%emt 0:06:30]} O-O {[%emt 0:00:30]} 6. e3 {[%emt 0:00:30]} b6 {[%emt 0:00:30]} 7. Bd3 {[%emt 0:00:30] LiveBook: 27 Games} Ba6 {[%emt 0:01:30] D02: 1 d4 d5 2 Nf3 sidelines, including 2...Nf6 3 g3 and 2...Nf6 3 Bf4} 8. Ne5 {[%emt 0:09:30]} Bxd3 {[%emt 0:01:30]} 9. cxd3 {[%emt 0:01:30]} Bxe5 $146 {[%emt 0:01:30]} ({Find the theoretical novelty and annotate with similar games:} 9... Nfd7 10. Qa4 Nxe5 11. dxe5 Be7 12. Qg4 Qd7 13. O-O Qb5 14. Qd4 c5 15. Qc3 Nc6 16. Rfd1 Rfd8 {½-½ (16) Miladinovic,I (2555)-Paunovic,T (2370) Kavala 1998}) 10. dxe5 {[%emt 0:05:30]} Nfd7 {[%emt 0:03:30]} 11. O-O {[%emt 0:16:30]} Nc6 {[%emt 0:08:30]} 12. Rc1 {[%emt 0:09:30]} Ne7 {[%emt 0:06:30]} 13. f4 {[%emt 0:12:30]} c5 {[%emt 0:05:30]} 14. Qg4 {[%emt 0:09:30]} Nf5 {[%emt 0:11:30]} 15. Bf2 {[%emt 0:00:30]} Qe8 {[%emt 0:08:30]} 16. e4 {[%emt 0:02:30]} dxe4 {[%emt 0:06:30]} 17. dxe4 {[%emt 0:00:00]} Nh6 {[%emt 0:00:30]} 18. Qe2 {[%emt 0:05:08]} f6 {[%emt 0:02:30]} 19. exf6 {[%emt 0:07:47]} Nxf6 {[%emt 0:02:30]} 20. Bh4 {[%emt 0:02:31]} Qh5 {[%emt 0:05:30]} 21. Qxh5 {[%emt 0:07:14]} (21. Nf3 $16) 21... Nxh5 {[%emt 0:00:30]} 22. g3 {[%emt 0:00:02]} Nf6 {[%emt 0:02:30]} 23. Rfd1 {[%emt 0:00:55]} Nf7 {[%emt 0:01:30]} 24. Bxf6 $11 {[%emt 0:00:12]} (24. Kf2 {[%emt 0:01:07]}) 24... gxf6 {[%emt 0:00:30]} 25. Kf2 {[%emt 0:00:30]} Rfd8 {[%emt 0:00:30]} 26. Ke3 {[%emt 0:00:30]} Rd7 {[%emt 0:00:30]} 27. Nf3 {[%emt 0:00:30]} Rad8 {[%emt 0:00:30]} 28. Rxd7 {[%emt 0:00:30]} Rxd7 {[%emt 0:00:30]} 29. g4 {[%emt 0:00:47]} h6 {[%emt 0:01:30]} 30. h4 {[%emt 0:00:17]} e5 {[%emt 0:01:30]} 31. Rg1 {[%emt 0:01:02]} exf4+ {[%emt 0:01:30]} 32. Kxf4 {[%emt 0:00:02]} Rd3 {[%emt 0:00:30]} 33. Rg2 {[%emt 0:00:37]} Kg7 {[%emt 0:01:30]} 34. b3 {[%emt 0:00:24]} Nd8 {[%emt 0:01:30]} 35. e5 {[%emt 0:00:48]} Ne6+ {[%emt 0:02:30]} 36. Ke4 {[%emt 0:00:08]} Rd1 {[%emt 0:00:00]} 37. Rd2 {[%emt 0:00:42]} Rxd2 {[%emt 0:01:00]} 38. Nxd2 {[%emt 0:00:01]} Nc7 {[%emt 0:00:30]} (38... h5 $11 {keeps the balance.}) 39. Kf5 {[%emt 0:00:35]} Nd5 $1 {[%emt 0:00:31]} 40. Ke6 {[%emt 0:01:06]} (40. g5 {[%emt 0:01:09]}) 40... Nf4+ {[%emt 0:00:29] [#]} 41. Kf5 {[%emt 0:00:01]} (41. Kd6 $1 $16 fxe5 42. Kxe5) 41... Nd5 {[%emt 0:00:00]} 42. Ke6 {[%emt 0:01:09]} Nf4+ {[%emt 0:00:00]} 43. Kf5 {[%emt 0:00:30]} Nd5 {[%emt 0:00:30]} 44. exf6+ $16 {[%emt 0:00:30]} Nxf6 {[%emt 0:00:30]} 45. g5 {[%emt 0:00:30]} (45. Ne4) 45... hxg5 {[%emt 0:00:30]} 46. hxg5 {[%emt 0:00:30]} Nd5 {[%emt 0:00:30]} 47. Ne4 {[%emt 0:00:30]} c4 {[%emt 0:00:30]} 48. bxc4 {[%emt 0:00:30]} Ne3+ {[%emt 0:00:30]} 49. Ke6 {[%emt 0:00:30]} Nxc4 {[%emt 0:00:30]} 50. Kd5 {[%emt 0:00:10]} Na5 {[%emt 0:01:30]} 51. Nd6 {[%emt 0:00:40]} a6 {[%emt 0:01:14]} 52. Nc4 {[%emt 0:00:28]} (52. Nc8 $5 {[%cal Rc8b6]} b5 53. Nd6 $14) 52... Nb7 {[%emt 0:01:36]} 53. Nxb6 {[%emt 0:00:23]} Kg6 {[%emt 0:00:10]} 54. Nc4 {[%emt 0:00:25]} Kxg5 {[%emt 0:00:52]} 55. Kc6 {[%emt 0:00:04]} Nd8+ {[%emt 0:00:00]} 56. Kb6 {[%emt 0:01:20]} Kf6 {[%emt 0:02:32]} 57. Kxa6 {[%emt 0:00:01]} Ke6 {[%emt 0:00:16]} 58. Kb6 {[%emt 0:00:05]} Kd7 {[%emt 0:01:39]} 59. Na5 {[%emt 0:01:07]} Ne6 {[%emt 0:00:36]} 60. a4 {[%emt 0:00:43]} Kc8 {[%emt 0:01:45]} 61. Nc6 {[%emt 0:00:27]} Nc7 {[%emt 0:00:02]} 62. Ne7+ {[%emt 0:00:26]} Kb8 {[%emt 0:00:06]} 63. a5 {[%emt 0:00:11]} Na8+ {[%emt 0:00:21]} 64. Kb5 {[%emt 0:00:21]} Nc7+ {[%emt 0:00:26]} 65. Kc6 {[%emt 0:00:08]} Na8 {[%emt 0:00:13]} 66. Nd5 {[%emt 0:00:11]} Ka7 {[%emt 0:00:27]} 67. Nb4 {[%emt 0:01:05]} Kb8 {[%emt 0:00:02]} 68. Nd5 {[%emt 0:01:32]} Ka7 {[%emt 0:00:05]} 69. Kb5 {[%emt 0:00:07]} Kb8 {[%emt 0:01:28]} 70. Nb4 {[%emt 0:00:28]} Nc7+ {[%emt 0:02:04]} 71. Kc6 {[%emt 0:00:30]} Na8 $11 {[%emt 0:00:00]} 72. Na6+ {[%emt 0:00:45]} Ka7 {[%emt 0:00:02]} 73. Nc5 {[%emt 0:00:00]} Kb8 {[%emt 0:00:00]} 74. Ne6 {[%emt 0:00:50]} Ka7 {[%emt 0:00:19]} 75. Kb5 {[%emt 0:00:09]} Kb7 {[%emt 0:00:31]} 76. Nd8+ {[%emt 0:00:37]} Ka7 {[%emt 0:00:55]} 77. Nc6+ {[%emt 0:00:11]} Kb7 {[%emt 0:00:28]} 78. a6+ {[%emt 0:00:00]} Kc7 {[%emt 0:00:00]} 79. Nd4 {[%emt 0:00:09]} Kd6 {[%emt 0:00:12]} 80. a7 {[%emt 0:00:30]} Kc7 {[%emt 0:00:19]} 81. Ka6 {[%emt 0:00:08]} Nb6 {[%emt 0:01:05]} 82. Nf5 {[%emt 0:00:39]} Na8 {[%emt 0:00:08]} 83. Ne7 {[%emt 0:00:08]} Kd7 {[%emt 0:01:26]} 84. Kb7 {[%emt 0:00:19]} Nc7 {[%emt 0:01:39]} 85. Nc8 {[%emt 0:01:09]} Kd8 {[%emt 0:00:42]} 86. Nb6 {[%emt 0:00:14]} Na8 {[%emt 0:01:42]} 87. Nxa8 {[%emt 0:00:06]} 1-0

[Event "25th Troya Open 2017"]
[Site "Canakkale"]
[Date "2017.08.08"]
[Round "2.4"]
[White "Grigoriev, Armen"]
[Black "Kara, Ali Barkin"]
[Result "1-0"]
[WhiteElo "2160"]
[BlackElo "1862"]
[Annotator "TA"]
[PlyCount "79"]
[EventCountry "TUR"]
[SourceTitle "playchess.com"]
[Source "ChessBase"]
[SourceQuality "1"]

{[%evp 9,79,63,80,44,62,38,44,27,50,32,67,70,155,152,177,186,181,173,150,157,144,109,125,120,112,104,149,156,153,164,165,164,185,159,266,191,177,171,312,303,308,183,188,195,187,193,311,131,250,250,249,249,246,241,249,248,247,213,242,247,510,494,604,589,635,690,693,693,906,864,2495,2439]} 1. d4 Nf6 2. Nf3 c5 3. g3 b6 (3... cxd4 4. Nxd4 d5 5. Bg2 e5 6. Nb3 Be6 7. O-O Be7 8. Bg5 Nbd7 9. Nc3 Rc8 10. e3 h6 11. Bxf6 Nxf6 12. Qe2 Qb6 13. Rfd1 e4 14. a4 {0-1 (29) Panchanathan,M (2494)-Vidit,S (2670) Reykjavik 2017}) 4. d5 Bb7 5. Nc3 d6 $146 ({Find the theoretical novelty and annotate with similar games:} 5... b5 6. Nxb5 Bxd5 7. Bg2 a6 8. Nc3 Bc6 9. O-O d5 10. Ne5 Bb7 11. b3 {0-1 (42) Vujic Katanic,B (2108)-Rapport,J (2299) Valjevo 2011}) 6. Bg2 {A46: 1 d4 Nf6 2 Nf3 e6: Torre, London and Colle Systems} g6 7. O-O Bg7 8. e4 {White is slightly better.} O-O 9. a4 a6 10. Nd2 e6 (10... Nbd7 $14) 11. Nc4 Ne8 12. dxe6 fxe6 13. Bf4 Rxf4 14. gxf4 Nc6 15. Qd3 Nd4 16. Ne2 b5 17. Ne3 c4 18. Qd1 Nxe2+ 19. Qxe2 Bxb2 20. Rab1 Bd4 {[#]} 21. Nxc4 $1 {[%mdl 512]} Bc6 (21... Qc7 $16) (21... bxc4 22. Rxb7) 22. Qd2 e5 23. Na5 Bd7 (23... Qc7 $142 24. c3 Qxa5) 24. Nb3 $18 Bb6 25. a5 (25. Qd5+ $142 Kh8 26. fxe5) 25... Bc7 26. fxe5 dxe5 27. Rfd1 Nf6 {[#]} (27... Be6 {was called for.} 28. Qc3 Qc8) 28. Qg5 (28. Nc5 $1 $18 {[%cal Rc5d7] is the precise move to win.} Bg4 29. Qxd8+ Bxd8 30. Rd6) 28... Kg7 (28... Qf8 $16 29. Rd3 Kg7) 29. Nc5 Qe8 30. Nxd7 Nxd7 31. c4 Nf6 32. cxb5 axb5 33. Rdc1 Bxa5 34. Rc5 $1 {[%csl LRb5,LRe5]} Bb6 $2 (34... h6 35. Qxe5 Bb6 36. Qxe8 Rxe8) 35. Rxe5 {White is clearly winning.} Qf7 36. Rexb5 Bxf2+ 37. Kh1 Ra7 38. e5 Nd7 39. Rb7 Bb6 40. R1xb6 {Precision: White = 69%, Black = 32%.} 1-0

[Event "25th Troya Open 2017"]
[Site "Canakkale"]
[Date "2017.08.08"]
[Round "2.5"]
[White "Demirbas, Emre"]
[Black "Yasin, Hur"]
[Result "0-1"]
[WhiteElo "1942"]
[BlackElo "1982"]
[Annotator "NA RC"]
[PlyCount "90"]
[EventCountry "TUR"]
[SourceTitle "playchess.com"]
[Source "ChessBase"]
[SourceQuality "1"]
[TimeControl "5400+30"]

{[%evp 8,84,13,15,0,0,-6,-13,-7,-47,-40,-45,-55,-47,-46,-43,-34,-74,-22,-63,-21,-67,-68,-81,-71,-101,-76,-174,-166,-212,-207,-239,-216,-216,-177,-232,-107,-173,-172,-147,-96,-123,-119,-172,-190,32767,32767,32767,32767,-252,-258,-276,-261,-272,-289,-287,-272,-356,-325,-390,-369,-431,-422,-435,-429,-523,32767,32767,32767,32767,32767,32767,32767,32767,32767,-29985,-29981,-2560,-2826]} 1. Nf3 {[%emt 0:00:30]} c5 {[%emt 0:01:00]} 2. c4 {[%emt 0:00:30]} Nf6 {[%emt 0:00:30]} 3. g3 {[%emt 0:02:30]} Nc6 {[%emt 0:02:30]} 4. Bg2 {[%emt 0:00:30]} d5 {[%emt 0:00:30]} 5. cxd5 {[%emt 0:03:30]} Nxd5 {[%emt 0:00:00]} 6. O-O {[%emt 0:00:30]} e5 {[%emt 0:00:00]} 7. Nc3 {[%emt 0:00:30]} Be6 {[%emt 0:06:30]} 8. d3 {[%emt 0:03:30]} Be7 {[%emt 0:00:30]} 9. Bd2 {[%emt 0:02:30]} O-O {[%emt 0:03:30] A30: Symmetrical English: Double Fianchetto and Hedgehog} 10. Rc1 {[%emt 0:01:30]} f6 {[%emt 0:04:30]} 11. a3 {[%emt 0:11:30]} Qd7 {[%emt 0:04:30] LiveBook: 3 Games} 12. Re1 {[%emt 0:02:30]} (12. Nxd5 Bxd5 13. Qa4 Rfd8 14. Rfe1 Kh8 15. Qh4 Rac8 16. b4 b6 17. Bh3 Be6 18. Bxe6 Qxe6 19. Rc4 Nd4 20. Nxd4 Rxd4 21. Rxd4 exd4 22. bxc5 Bxc5 {½-½ (38) Cordova,E (2637)-Zhou,J (2630) Atlantic City 2016}) 12... Rfd8 {[%emt 0:00:30]} 13. Qa4 $146 {[%emt 0:09:30]} ({Predecessor:} 13. Ne4 b6 14. Qa4 Rac8 15. e3 Kh8 16. Red1 Bg4 17. Nc3 {0-1 (28) Koelsch,M (2220)-Donchenko,A (2417) Germany 2013}) 13... Rac8 {[%emt 0:02:30]} 14. Red1 {[%emt 0:03:30]} a6 {[%emt 0:06:30]} 15. Ne4 {[%emt 0:06:30]} b5 {[%emt 0:11:30]} 16. Qc2 {[%emt 0:04:30]} g5 {[%emt 0:06:30]} 17. Qb1 {[%emt 0:04:30] [#]} ({Wrong is} 17. Nxc5 $2 Bxc5 18. e4 Nd4 $19) ({White should try} 17. e3 $15) 17... g4 $1 {[%emt 0:00:00]} 18. Ne1 {[%emt 0:01:30]} Nd4 {[%emt 0:00:00]} 19. Kf1 {[%emt 0:01:30]} Nb3 {[%emt 0:02:30]} 20. Rc2 {[%emt 0:02:30]} b4 {[%emt 0:06:30]} 21. Bh6 {[%emt 0:03:30]} (21. axb4 $142 Nxb4 22. Bxb4 cxb4 23. Nd2) 21... Nb6 {[%emt 0:05:30]} (21... Qe8 $19 {is more deadly.} 22. axb4 Nxb4) 22. Nd2 {[%emt 0:01:30]} (22. axb4 $17 cxb4 23. Rxc8 Rxc8 24. Nd2) 22... Nd4 {[%emt 0:01:30]} 23. Rcc1 {[%emt 0:00:30] [#]} Nf5 {[%emt 0:05:30]} (23... bxa3 $1 $19 24. bxa3 Rb8) 24. Be3 {[%emt 0:00:30]} Nd5 {[%emt 0:00:30]} 25. Nc4 {[%emt 0:00:30]} Ndxe3+ {[%emt 0:01:30]} 26. Nxe3 {[%emt 0:01:30]} Nxe3+ {[%emt 0:01:30]} 27. fxe3 {[%emt 0:00:30]} Bb3 {[%emt 0:00:30]} 28. Nc2 {[%emt 0:01:30]} (28. axb4 {was necessary.} Bxd1 29. Rxd1) 28... a5 {[%emt 0:00:30]} 29. Kg1 {[%emt 0:00:30]} f5 {[%emt 0:01:30]} 30. Rf1 {[%emt 0:01:30]} Bg5 {[%emt 0:00:30]} 31. Kh1 {[%emt 0:03:30]} h5 {[%emt 0:01:30]} 32. Na1 {[%emt 0:02:30]} (32. d4 $142) 32... Be6 {[%emt 0:00:30]} 33. axb4 {[%emt 0:02:30]} axb4 {[%emt 0:00:30]} 34. e4 {[%emt 0:02:30]} f4 {[%emt 0:01:30]} 35. gxf4 {[%emt 0:00:33]} Bxf4 {[%emt 0:01:30]} 36. Rce1 {[%emt 0:00:27]} Qe7 {[%emt 0:07:19]} 37. e3 {[%emt 0:04:32]} Bxh2 {[%emt 0:00:36]} 38. Kxh2 {[%emt 0:01:12]} Qh4+ {[%emt 0:00:30]} 39. Kg1 {[%emt 0:00:00]} g3 {[%emt 0:00:00]} 40. Rf5 {[%emt 0:01:08]} Rf8 {[%emt 0:00:23]} 41. Re2 {[%emt 0:02:43]} Bxf5 {[%emt 0:08:26]} 42. Qa2+ {[%emt 0:00:31] [#]} b3 $19 {[%emt 0:00:32]} 43. Qxb3+ {[%emt 0:02:14]} c4 {[%emt 0:00:08]} 44. Qb6 {[%emt 0:00:00]} cxd3 {[%emt 0:05:09]} 45. Re1 {[%emt 0:03:13]} Qh2+ {[%emt 0:00:25]} 0-1

[Event "25th Troya Open 2017"]
[Site "Canakkale"]
[Date "2017.08.08"]
[Round "2.6"]
[White "Onem, Cem"]
[Black "Karaahmetoglu, Ege"]
[Result "1/2-1/2"]
[WhiteElo "1819"]
[BlackElo "2086"]
[Annotator "NA RC"]
[PlyCount "87"]
[EventCountry "TUR"]
[SourceTitle "playchess.com"]
[Source "ChessBase"]
[SourceQuality "1"]
[TimeControl "5400+30"]

{[%evp 8,82,0,10,9,19,27,0,25,14,16,28,20,16,25,12,39,39,66,50,54,45,95,52,64,85,87,80,75,82,77,88,91,76,87,83,86,0,5,3,0,2,32767,32767,32767,32767,32767,32767,32767,32767,89,67,62,64,83,55,85,81,112,47,78,68,75,56,41,56,84,60,108,61,95,71,73,8,80,74,39]} 1. d4 {[%emt 0:00:30]} Nf6 {[%emt 0:01:00]} 2. c4 {[%emt 0:07:30]} e6 {[%emt 0:00:30]} 3. Nf3 {[%emt 0:00:30]} d5 {[%emt 0:00:30]} 4. e3 {[%emt 0:00:30]} Nbd7 {[%emt 0:01:30]} 5. Bd3 {[%emt 0:01:30]} Be7 {[%emt 0:01:30]} 6. O-O {[%emt 0:00:30]} O-O {[%emt 0:01:30]} 7. Nc3 {[%emt 0:00:30]} b6 {[%emt 0:00:30]} 8. cxd5 {[%emt 0:06:30]} exd5 {[%emt 0:00:30]} 9. b3 {[%emt 0:00:00]} Bb7 {[%emt 0:01:30]} (9... Bb4 $5 {[%cal Rb4c3]} 10. Bb2 Bb7 $14) 10. Bb2 {[%emt 0:00:00]} c5 {[%emt 0:01:30]} 11. Qe2 {[%emt 0:03:30] E14: Queen's Indian: Classical Variation (4 e3)} Ne4 {[%emt 0:05:30]} (11... Re8 12. Ba6 Qc8 13. Bxb7 Qxb7 14. Rfd1 Rac8 15. dxc5 bxc5 16. Rac1 Nb6 17. Qc2 {½-½ (44) Rozum,I (2602)-Bocharov,D (2581) Khanty-Mansiysk 2016}) 12. Rfd1 {[%emt 0:02:30] LiveBook: 4 Games} f5 {[%emt 0:08:30]} 13. Ba6 {[%emt 0:05:30]} Bxa6 {[%emt 0:06:30]} 14. Qxa6 {[%emt 0:00:00]} Ndf6 {[%emt 0:01:30]} 15. h3 $146 {[%emt 0:08:00]} ({Predecessor:} 15. dxc5 Bxc5 16. Nxd5 Ng4 17. Nf6+ gxf6 18. Rxd8 Raxd8 19. Qc4+ {1-0 (27) Brydon,D-Thurlow,K England 1986}) 15... f4 {[%emt 0:12:30]} 16. exf4 {[%emt 0:20:30]} Nxc3 {[%emt 0:00:30]} 17. Bxc3 {[%emt 0:00:00]} Ne4 {[%emt 0:00:00]} 18. Bd2 {[%emt 0:03:00]} Nxd2 {[%emt 0:01:00]} 19. Rxd2 {[%emt 0:00:30]} Rxf4 {[%emt 0:00:30]} 20. Rad1 {[%emt 0:03:30]} Qc7 {[%emt 0:00:00]} 21. dxc5 {[%emt 0:02:30]} Bxc5 {[%emt 0:00:00]} 22. Rxd5 {[%emt 0:00:30]} (22. Qf1 $16) 22... Rxf3 $1 {[%emt 0:00:30]} 23. Rxc5 $1 {[%emt 0:02:30]} Qxc5 {[%emt 0:00:30]} 24. gxf3 {[%emt 0:00:00]} Qg5+ {[%emt 0:00:30]} 25. Kf1 {[%emt 0:03:00]} Rf8 {[%emt 0:02:30]} 26. Qc4+ {[%emt 0:00:00]} Kh8 {[%emt 0:00:30]} 27. Qg4 {[%emt 0:02:00]} Qb5+ {[%emt 0:00:30]} 28. Kg2 {[%emt 0:00:30]} h5 {[%emt 0:11:30]} 29. Qg6 {[%emt 0:01:30]} Qf5 {[%emt 0:00:30]} 30. Qxf5 {[%emt 0:02:30]} Rxf5 {[%emt 0:00:00]} 31. Rd4 {[%emt 0:00:30]} Rf7 {[%emt 0:01:00]} 32. f4 {[%emt 0:00:30]} g6 {[%emt 0:01:30]} (32... Kh7 $14) 33. h4 {[%emt 0:01:30]} Kg7 {[%emt 0:00:30]} 34. Kf3 {[%emt 0:00:30]} Re7 {[%emt 0:00:30]} 35. Rd5 {[%emt 0:00:30]} Kf6 {[%emt 0:00:30]} 36. Rd8 {[%emt 0:07:22]} Re6 {[%emt 0:09:30]} 37. Rd7 {[%emt 0:01:01]} a6 {[%emt 0:00:00]} 38. Ra7 {[%emt 0:02:55]} b5 {[%emt 0:04:00]} 39. Rd7 {[%emt 0:01:55]} Rc6 {[%emt 0:10:20]} 40. Rd3 {[%emt 0:01:18]} (40. Kg3 $16) 40... Kf5 {[%emt 0:01:13]} (40... Ke6 $11) 41. Rd5+ {[%emt 0:00:24]} Ke6 $14 {[%emt 0:01:11]} 42. Rd3 {[%emt 0:02:42]} Kf5 {[%emt 0:00:02]} 43. Rd5+ {[%emt 0:00:26]} Ke6 {[%emt 0:00:04]} 44. Rd3 {[%emt 0:00:00]} 1/2-1/2